[Event "Barcelona Sant Marti op-B 17th"]
[Site "Barcelona"]
[Date "2015.07.20"]
[Round "8"]
[White "Gonzalez Alonso, Marti"]
[Black "De La Fuente Gil, Roberto"]
[Result "1-0"]
[WhiteElo "1949"]
[BlackElo "1842"]
[PlyCount "75"]
[EventDate "2015.07.13"]
[EventType "swiss"]
[EventRounds "9"]
[EventCountry "ESP"]
[SourceTitle "EXT 2016"]
[Source "ChessBase"]
[SourceDate "2015.10.08"]
[SourceVersion "1"]
[SourceVersionDate "2015.10.08"]
[SourceQuality "1"]

1. e4 c5 2. Nf3 Nc6 3. d4 cxd4 4. Nxd4 g6 5. Nc3 Bg7 6. Be3 Nf6 7. Be2 0-0 8. 0-0 d5 9. exd5 Nxd5 10. Nxd5 Qxd5 11. Bf3 Qd7 12. Nxc6 bxc6 13. Qxd7 Bxd7 14. Rad1 Rfd8 15. Rxd7 Rxd7 16. Bxc6 Rad8 17. Bxd7 Rxd7 18. b3 a6 19. Rb1 Bc3 20. Kf1 f5 21. Ke2 e5 22. Rd1 Rxd1 23. Kxd1 Kf7 24. Bd2 Bxd2 25. Kxd2 Ke6 26. Kd3 Kd5 27. c4+ Kc5 28. a3 a5 29. Kc3 g5 30. b4+ axb4+ 31. axb4+ Kc6 32. g4 fxg4 33. Kd3 g3 34. fxg3 Kd6 35. Ke4 Ke6 36. b5 h5 37. b6 Kd6 38. c5+ 1-0

[Event "Barcelona Sant Marti op-B 17th"]
[Site "Barcelona"]
[Date "2015.07.18"]
[Round "6"]
[White "Torralba Brosa, Marc"]
[Black "De La Fuente Gil, Roberto"]
[Result "1-0"]
[WhiteElo "1900"]
[BlackElo "1842"]
[PlyCount "63"]
[EventDate "2015.07.13"]
[EventType "swiss"]
[EventRounds "9"]
[EventCountry "ESP"]
[SourceTitle "EXT 2016"]
[Source "ChessBase"]
[SourceDate "2015.10.08"]
[SourceVersion "1"]
[SourceVersionDate "2015.10.08"]
[SourceQuality "1"]

1. e4 c5 2. d4 cxd4 3. c3 dxc3 4. Nxc3 Nc6 5. Nf3 e6 6. Bc4 a6 7. 0-0 Qc7 8. Bb3 g6 9. Qe2 Bg7 10. Rd1 Nf6 11. Bg5 0-0 12. h3 b5 13. Rac1 Bb7 14. e5 Ne8 15. Ne4 f6 16. exf6 Nxf6 17. Nxf6+ Bxf6 18. Rxd7 Qxd7 19. Bxe6+ Qxe6 20. Qxe6+ Kg7 21. Rd1 Rae8 22. Rd7+ Re7 23. Rxe7+ Bxe7 24. Bxe7 Nxe7 25. Qxe7+ Rf7 26. Qe5+ Kh6 27. Nh2 Bc8 28. Ng4+ Bxg4 29. hxg4 b4 30. Kh2 g5 31. Qe6+ Kg7 32. f3 1-0

[Event "Barcelona Sant Marti op-B 17th"]
[Site "Barcelona"]
[Date "2015.07.17"]
[Round "5"]
[White "De La Fuente Gil, Roberto"]
[Black "Llopis Jordan, Lluis"]
[Result "1/2-1/2"]
[WhiteElo "1842"]
[BlackElo "1936"]
[PlyCount "74"]
[EventDate "2015.07.13"]
[EventType "swiss"]
[EventRounds "9"]
[EventCountry "ESP"]
[SourceTitle "EXT 2016"]
[Source "ChessBase"]
[SourceDate "2015.10.08"]
[SourceVersion "1"]
[SourceVersionDate "2015.10.08"]
[SourceQuality "1"]

1. d4 Nf6 2. Nf3 g6 3. Bf4 d6 4. e3 Bg7 5. Be2 0-0 6. 0-0 Nbd7 7. h3 c5 8. c3 b6 9. Nbd2 Bb7 10. Re1 Re8 11. Qb3 Rc8 12. Bc4 d5 13. Bb5 a6 14. Bxd7 Nxd7 15. Rac1 c4 16. Qc2 e5 17. Bg3 e4 18. Nh2 f5 19. f3 Nf6 20. Be5 Nh5 21. Bxg7 Nxg7 22. f4 b5 23. b3 Bc6 24. b4 Qh4 25. Nb1 Kh8 26. Rf1 Ne6 27. Qf2 Qh6 28. Qg3 Rg8 29. h4 Rg7 30. Rc2 Rcg8 31. Qh3 Bd7 32. g4 Rf7 33. Rg2 Qf8 34. g5 Ng7 35. Rff2 Bc6 36. Nf1 Ra7 37. Ng3 Be8 1/2-1/2

[Event "Barcelona Sant Marti op-B 17th"]
[Site "Barcelona"]
[Date "2015.07.13"]
[Round "1"]
[White "Martinez Talavera, Jordi"]
[Black "De La Fuente Gil, Roberto"]
[Result "1-0"]
[WhiteElo "2008"]
[BlackElo "1842"]
[PlyCount "65"]
[EventDate "2015.07.13"]
[EventType "swiss"]
[EventRounds "9"]
[EventCountry "ESP"]
[SourceTitle "EXT 2016"]
[Source "ChessBase"]
[SourceDate "2015.10.08"]
[SourceVersion "1"]
[SourceVersionDate "2015.10.08"]
[SourceQuality "1"]

1. d4 Nf6 2. Nf3 e6 3. Bf4 d5 4. e3 Bd6 5. Bg3 Bxg3 6. hxg3 Nbd7 7. Bd3 c5 8. c3 Qb6 9. Qc2 c4 10. Be2 Qc7 11. Nbd2 e5 12. e4 exd4 13. Nxd4 Nxe4 14. Nxe4 dxe4 15. Qxe4+ Qe5 16. Rh4 g5 17. Qxe5+ Nxe5 18. Re4 f6 19. f4 gxf4 20. gxf4 b6 21. fxe5 Bb7 22. Re3 0-0-0 23. e6 Bxg2 24. Bxc4 h5 25. Kf2 Bb7 26. e7 Rde8 27. Bf7 Kd7 28. Bxe8+ Rxe8 29. Rd1 Bd5 30. Nf5 Kc6 31. Ng7 Bf7 32. Nxe8 Bxe8 33. Rd8 1-0